All Multiversus Characters - Statistics

General Stats
  • This quiz has been taken 64 times
    56 since last reset
  • The average score is 15 of 22
Answer Stats
Series Character % Correct
DC Comics Batman
100%
DC Comics Superman
98%
Adventure Time Jake
93%
DC Comics Wonder Woman
93%
Adventure Time Finn
91%
Looney Tunes Bugs Bunny
88%
Scooby-Doo Shaggy
88%
Scooby-Doo Velma
88%
Space Jam LeBron James
77%
DC Comics Harley Quinn
65%
___ and _____ Tom and Jerry
60%
Gremlins Gizmo
58%
Game of Thrones Arya Stark
56%
Multiversus Reindog
53%
Looney Tunes Taz
53%
DC Comics Black Adam
51%
The ____ _____ Iron Giant
51%
____ and _____ Morty
51%
____ and _____ Rick
51%
Gremlins Stripe
47%
______ ________ Steven Universe
44%
______ ________ Garnet
40%
No matching quizzes found
Score Distribution
Percent of People with Each Score
Percentile by Number Answered
Your Score History
You have not taken this quiz since the last reset